01258nam a22002417a 4500003000900000008004100009020003000050040001200080041001300092080001300105090002000118100002400138245002900162260004300191300001100234520052200245521003000767546001200797650005700809942001200866999001700878952012100895Uzh_bibl260525b |||||||| |||| 00| 0 ukr d a978-0-00-675103-8c100.00 bукр. 2engaeng a821(410) a821(410)bМ 83 a Morpurgo, Michael  aThe Butterfly LionhText aLondonbHarperCollins Publishersc1996 a128 s. a A lyrical and moving tale of a young boy growing up in Africa, and his lifelong friendship with a white lion. "All my life I'll think you you, I promise I will. I won't ever forget you." Bertie rescues an orphaned white lion cub from the African veld. They are inseparable until Bertie is sent to boarding school far away in England and the lion is sold to a circus. Bertie swears that one day they will see one another again, but it is the butterfly lion which ensures that their friendship will never be forgotten. aДля підлітків aукр. aЛітературно-художне видання 2udccBK c17943d17943 00102udc4070aMBdDbMBdDd2026-04-23eПодарованіi80874l0o821(410)p19433r2026-05-25w2026-05-25yBK